[Event "IND-ch U13 29th"]
[Site "Gurgaon"]
[Date "2015.09.04"]
[Round "8"]
[White "Aronyak, Ghosh"]
[Black "Lokesh, Hans"]
[Result "1-0"]
[WhiteElo "2095"]
[BlackElo "1709"]
[PlyCount "119"]
[EventDate "2015.08.30"]
[EventType "swiss"]
[EventRounds "11"]
[EventCountry "IND"]
[SourceTitle "EXT 2016"]
[Source "ChessBase"]
[SourceDate "2015.10.08"]
[SourceVersion "1"]
[SourceVersionDate "2015.10.08"]
[SourceQuality "1"]

1. d4 d5 2. Bf4 e6 3. e3 Nf6 4. Nf3 Be7 5. Bd3 0-0 6. Nbd2 b6 7. Ne5 Bb7 8. Qf3 c5 9. c3 Nfd7 10. Qh3 g6 11. Ndf3 Nxe5 12. dxe5 Nc6 13. Rd1 Qd7 14. Bb5 a6 15. Bxc6 Qxc6 16. Qh6 f6 17. h4 Rf7 18. exf6 Bxf6 19. h5 Bg7 20. hxg6 hxg6 21. Qxg6 Kf8 22. Bh6 Bxh6 23. Qxh6+ Ke7 24. Ne5 Qe8 25. Nxf7 Qxf7 26. Qh7 Rf8 27. Qxf7+ Rxf7 28. f3 Rg7 29. Kf2 Bc6 30. Rh6 b5 31. Rdh1 Kd6 32. Rh7 Rg6 33. R1h6 Rxh6 34. Rxh6 a5 35. a3 b4 36. axb4 cxb4 37. cxb4 axb4 38. f4 Kd7 39. g4 Bb5 40. f5 exf5 41. gxf5 Bd3 42. f6 Ke6 43. Kf3 Bb5 44. Kf4 Be8 45. Kg5 Bf7 46. Rh8 Ke5 47. Rf8 Be6 48. Re8 Kd6 49. Rxe6+ Kxe6 50. Kg6 Ke5 51. f7 Ke4 52. f8Q Kxe3 53. Qc5+ d4 54. Kf5 b3 55. Ke5 Kd3 56. Qxd4+ Kc2 57. Qc3+ Kb1 58. Kd5 Ka2 59. Kc4 Ka1 60. Kxb3 1-0